Responses for Show #1422 - Tuesday, November 6, 1990

1990 Tournament of Champions quarterfinal game 2.

Contestants

[<< previous game]

Jamie Weiss, a high school senior and winner of last year's Teen Tournament from Fairfax, Virginia

Jeff Bandman, an attorney from New York City, New York

Larry McKnight, a computer analyst from Ventura, California

[next game >>]

Jeopardy! Round responses

THE AMERICAN FLAG
QUOTES
TURKEY
ACTORS & THEIR ROLES
HANDICRAFTS
"TRANS" SCIENCE
    $100 6
Pledge of Allegiance

Jamie
    $100 11
An even break

Jeff
    $100 20
Europe & Asia

Jeff
    $100 25
(Alex: We have a minute left!)

Elvis Presley

Jeff
    $100 28
Quilting

Larry
    $100 1
(Jeff: What is a transistor?)

Transformer

LarryJeff
    $200 7
Marquis de Lafayette

Larry
    $200 15
Less and less

Jeff
    $200 19
Tulip

Jamie
    $200 24
George Lazenby

Jeff
    $200 29
Origami

Jeff
    $200 2
(Alex: Now is the time for it, yes!)

Transistor

Larry
    $300 8
(Jamie: Who is Byrd?)

Robert Peary

LarryJamie
    $500 12
Cotton

Jeff
    $300 18
Crescent & the star

Larry
    $300 23
Alex Karras

Jeff
    $300 30
Glassblowing

Larry
    $300 3
Translucent

Larry
    $400 9
William Howard Taft

Jeff
    $400 14
The war

Jeff
    $400 17
Mount Ararat

Jeff
    $400 22
Jean Arthur

Triple Stumper
    $400 27
Lathe

Jamie
    $400 4
Transpiration

Larry
    $500 10
The Hartford Courant

Larry
    $500 13
W.C. Fields

Jeff
    $500 16
Caliph

Triple Stumper
    $500 21
Lillian Roth

Larry
    $500 26
Decoupage

Triple Stumper
    $500 5
(Alex: Good, you ran the category. Nicely done. $1,500 for you. You're leading, obviously!)

a transducer

Larry

Scores at the first commercial break (after clue 12):

Larry Jeff Jamie
$2,500 $900 -$200

Scores at the end of the Jeopardy! Round:

Larry Jeff Jamie
$3,700 $3,300 $400

Double Jeopardy! Round responses

EARLY ART
VICE PRESIDENTS
THEATRE
MOUNTAINS
AMERICAN LITERATURE
PHYSICIANS IN HISTORY
    $200 30
Wolf

Larry
    $200 10
Spiro Agnew

Jamie
    $200 25
Marco Polo

Jeff
    $200 11
Himalayas

Jamie
    $200 1
Salem, Massachusetts

Jamie
    $200 16
Scurvy

Jeff
    $400 29
King Tut

Jeff
    $400 9
Come in second

Larry
    $400 24
"Who's Afraid of Virginia Woolf?"

Larry
    $400 12
Mount Olympus

Jamie
    $400 2
"The Murders in the Rue Morgue"

Larry
    $400 20
Nostradamus

Jeff
    $600 28
Mosaic

Larry
    $600 8
Jefferson Davis

Larry
    $600 23
Lady Windemere

Jeff
    $600 13
Mount McKinley

Jamie
    $600 3
(Larry: What is My Gun Is Quick?)

I, the Jury

Larry
Triple Stumper
    $400 19
Hippocrates

Jamie
    $800 27
Nike

Jamie
    $800 7
John Nance Garner

Jeff
    $800 22
"Women Behind Bars"

Triple Stumper
    $800 14
Australia

Jamie
    $1,000 4
"Main Street"

Larry
    $800 18
William Harvey

Jamie
    $1000 26
triptych

Jeff
    $1000 6
Charles Dawes

Jeff
    $1000 21
"Rumors"

Jeff
    $1000 15
Colorado

Larry
    $1000 5
Ralph Ellison

Jeff
    $1000 17
Galen

Larry

Scores at the end of the Double Jeopardy! Round:

Larry Jeff Jamie
$8,700 $9,900 $4,800

Final Jeopardy! Round responses

THE BIBLE
(Alex: If you knew the word for preacher or teacher was [*], would that have helped? I'm sure it would have!)
JamieWhat was Solomon?
$200
LarryWhat is the Song of Solomon?
$1,300
JeffWhat is Proverbs?
$1,898
Ecclesiastes

Final scores:

Larry Jeff Jamie
$7,400 $8,002 $4,600
2nd place: $1,000 if eliminated Automatic semifinalist 3rd place: $1,000 if eliminated

Game dynamics:

Coryat scores:

Larry Jeff Jamie
$8,500 $9,700 $5,000
21 R
(including 1 DD),
1 W
22 R
(including 1 DD),
1 W
12 R
(including 1 DD),
1 W

Combined Coryat: $23,200

[game clues] [game scores] [suggest correction]

Game tape date: 1990-10-22
The J! Archive is created by fans, for fans. Scraping, republication, monetization, and malicious use prohibited; this site may use cookies and collect identifying information. See terms. The Jeopardy! game show and all elements thereof, including but not limited to copyright and trademark thereto, are the property of Jeopardy Productions, Inc. and are protected under law. This website is not affiliated with, sponsored by, or operated by Jeopardy Productions, Inc. Join the discussion at JBoard.tv.